000 00319nam a22001337a 4500
008 171101b xxu||||| |||| 00| 0 eng d
020 _a9780314210975
041 _aeng
080 _26 ED
_a33
100 _a59
101 _aBUS
245 _aBUSINESS LAW AND THE REGULATION BUSINESS
_cMANN.R.A
942 _2udc
_cBK
999 _c37015
_d37015